हमारा संविधान / (Record no. 14924)

MARC details
000 -LEADER
fixed length control field 01233 a2200253 4500
005 - DATE AND TIME OF LATEST TRANSACTION
control field 20080819160722.0
008 - FIXED-LENGTH DATA ELEMENTS--GENERAL INFORMATION
fixed length control field 080819t xxu||||| |||| 00| 0 hin d
010 ## - LIBRARY OF CONGRESS CONTROL NUMBER
LC control number HIN-83984
020 ## - INTERNATIONAL STANDARD BOOK NUMBER
Terms of availability 100.00
035 ## - SYSTEM CONTROL NUMBER
System control number HN-56330
037 ## - SOURCE OF ACQUISITION
Stock number DBAD / PUB
040 ## - CATALOGING SOURCE
Original cataloging agency DPL
Language of cataloging HN
082 ## - DEWEY DECIMAL CLASSIFICATION NUMBER
Classification number 342.54
100 ## - MAIN ENTRY--PERSONAL NAME
Personal name पालीवाल, जितेन्द्र
245 ## - TITLE STATEMENT
Title हमारा संविधान /
Statement of responsibility, etc जितेन्द्र पालीवाल
246 ## - VARYING FORM OF TITLE
Title proper/short title Hamaaraa samvidhaana
Remainder of title by Jitendra Paliwal
260 ## - PUBLICATION, DISTRIBUTION, ETC. (IMPRINT)
Place of publication, distribution, etc जयपुर
Name of publisher, distributor, etc गोवर्धन पब्लिकेशन्स
Date of publication, distribution, etc 2006
270 ## - ADDRESS
Address प्लाट नं.1, चन्द्रकला कालोनी, पानी की टंकी के पीछे, दुर्गापुरा
City जयपुर
300 ## - PHYSICAL DESCRIPTION
Extent 80पृ
Dimensions 22 सेमी (अजिल्द)
650 ## - SUBJECT ADDED ENTRY--TOPICAL TERM
Topical term or geographic name as entry element संविधान
Geographic subdivision भारत
650 ## - SUBJECT ADDED ENTRY--TOPICAL TERM
Topical term or geographic name as entry element Constitution
Geographic subdivision India
942 ## - ADDED ENTRY ELEMENTS (KOHA)
Institution code [OBSOLETE] dpl
Koha item type Hindi Books
Source of classification or shelving scheme Dewey Decimal Classification
Classification part 342.54
Call number suffix पालीवा
Holdings
Withdrawn status Lost status Damaged status Not for loan Collection code Home library Current library Date acquired Source of acquisition Cost, normal purchase price Total Checkouts Full call number Barcode Date last seen Copy number Cost, replacement price Price effective from Koha item type
      Not For Loan Non-fiction D.B.Act.Division D.B.Act.Division 19/08/2008 DBAD / PUB 100.00   342.54 पालीवा HN-56330 15/09/2008 1 100.00 15/09/2008 Hindi Books

© Delhi Public Library
Hit Counter
free hit counter